000 00723 a2200229 4500
003 dpl
005 20240726144533.0
008 240726b |||||||| |||| 00| 0 eng d
010 _aENG-141021
020 _a9789354791253
_c850.00
035 _aEN-124553
037 _bDBAD
040 _c0
082 1 4 _a3658.408
_24
100 1 _968964
_aChandler, David
245 1 _aStrategic Corporate Social Responsibility:
_cBy David Chandler
_bSustainable Value Creation/
250 _a4
260 _aNew Delhi
_bSage Publications
_c2017
270 _aB1/11, Mohan Cooperative Industrial Area, Mathura Road
_bNew Delhi
_e110 044
300 _avpp.
_c23cm(pb)
_bIndex
942 _adpl
_cEN
_2ddc
_h658.408
_mCHA
999 _c204534
_d204534